000 00549nam a2200193Ia 4500
003 GCL
005 20240530095453.0
008 140319s9999 xx 000 0 ara d
020 _a4268835691
040 _aGCL /
_cGCL
082 0 4 _a813.02
_bق/أ ص
100 1 _aبسكوف ، الزا
245 1 0 _aصابر و ملابسة الجديدة /
_cبسكوف ، الزا
260 _a[S.N] :
_bدار المنى
300 _aمتعدد ؛
_c19 سم
650 0 4 _aالقصص القصيرة
650 0 4 _aقصص الاطفال
942 _2ddc
_cBK
999 _c7596
_d7596